Geography countries of Europe logic puzzle with a bit of history! - Statistics

General Stats
  • This quiz has been taken 239 times
  • The average score is 22 of 24
Answer Stats
Answer % Correct
russia
99%
vatican
99%
greece
96%
italy
96%
spain
96%
sweden
95%
united kingdom
95%
austria
94%
belgium
94%
croatia
94%
france
94%
switzerland
94%
germany
93%
iceland
93%
luxembourg
93%
czechia
92%
portugal
92%
serbia
92%
bulgaria
91%
lithuania
91%
malta
89%
netherlands
88%
romania
86%
ukraine
86%
No matching quizzes found
Score Distribution
Percent of People with Each Score
Percentile by Number Answered
Your Score History
You have not taken this quiz